[Event "Olympiad Women-30"]
[Site "Manila"]
[Date "1992.06.18"]
[Round "10"]
[White "Galliamova, Alisa"]
[Black "Sofieva, Ainur"]
[Result "1/2-1/2"]
[WhiteElo "2410"]
[BlackElo "2385"]
[PlyCount "93"]
[EventDate "1992.06.07"]
[EventType "team-swiss"]
[EventRounds "14"]
[EventCountry "PHI"]
[SourceTitle "EXT 2019"]
[Source "ChessBase"]
[SourceDate "2018.10.10"]
[SourceVersion "1"]
[SourceVersionDate "2018.10.10"]
[SourceQuality "1"]
[WhiteTeam "Ukraine (W)"]
[BlackTeam "Azerbaijan (W)"]
[WhiteTeamCountry "UKR"]
[BlackTeamCountry "AZE"]

1. d4 f5 2. c4 Nf6 3. Nf3 g6 4. g3 Bg7 5. Bg2 0-0 6. 0-0 d6 7. Nc3 c6 8. d5 e5 9. dxe6 Bxe6 10. Qd3 Na6 11. Bf4 Ne8 12. b3 Qf6 13. Rac1 d5 14. cxd5 Nb4 15. Qd2 Nxd5 16. Be5 Qe7 17. Bxg7 Nxg7 18. Ng5 Nxc3 19. Rxc3 Rad8 20. Qf4 Qf6 21. Qh4 h5 22. Rc2 Rd4 23. f4 Bd5 24. Bxd5+ Rxd5 25. Nf3 Qxh4 26. Nxh4 Kf7 27. Nf3 Ne6 28. Ne5+ Kf6 29. Kf2 Rfd8 30. Rfc1 Ng5 31. fxg5+ Kxe5 32. Kf3 Kd6 33. b4 Re8 34. Rc4 Rd2 35. e4 fxe4+ 36. Rxe4 Rxe4 37. Kxe4 Rxa2 38. Rf1 Re2+ 39. Kd4 Rxh2 40. Rf6+ Kc7 41. Rxg6 Rg2 42. Rh6 Rxg3 43. Rxh5 b5 44. Ke5 Kb6 45. Kf6 Rf3+ 46. Ke6 Rg3 47. Kf6 1/2-1/2